00697nam a22002057a 450000500170000000800410001702000220005808200170008010000320009724500430012925000110017226000420018330000110022550000200023665000300025665000150028694200070030199900170030895201660032520260506125412.0260506b |||||||| |||| 00| 0 eng d a978-1-35030-989-0 a658.3bBOX-S aBoxall, Peter aJohn Purcel aStrategy and Human Resource Management a5th Ed aIrelandbBloomsbury Publishing c2022 a425 p. aIncludes Index. aHuman Resource Management aManagement cBK c47538d47538 00w2026-05-061040708HRMaAUKCbAUKCcManagement Scienced2026-04-09eAli Book Servicesg2294.00iKA/10221l0o658.3 BOX-SpAUKHP0662r2026-05-06 12:54:56yBK